000 00865nam a22003017a 4500
020 _a9789508946317
080 _a341.48 P 759
245 _aPolìticas de Terror
_blas formas del terrorismo de estado en la Globalizaciòn
260 _aBuenos Aires
_bAd- Hoc- C I A J
_c2007
300 _a348 P.
_c23 X 16 Cm.
650 _xterrorismo de Estado
650 _xderecho penal del enemigo
650 _xmigraciones
650 _xderechos humanos
700 _aPinedo, Jerònimo
700 _aCalveiro, Pilar
700 _aRodriguez, Esteban
700 _aRezses, Eduardo
700 _aAsens, Jaume
700 _aArzuaga, JUlen
700 _aMarin Ortiz, Iris
700 _adel Valle Còbar, Dora Ruth
700 _aAxar, Juliàn
700 _aIuliano, Rodolfo M.
700 _aGonzàlez Moras, Juan M.
945 _acd
_d2015-05-04
999 _c3846
_d234350
942 _6_